Вып. 7 : Физика сплошных сред; Фейнмановские лекции по физике

Podrobná bibliografie
Parent link:Фейнмановские лекции по физике/ Р. Фейнман, Р. Лейтон, М. Сэндс. Вып. 7 : Физика сплошных сред.— 2-е изд..— , 1967-
Jazyk:ruština
Vydáno: 1977
Témata:
Médium: MixedMaterials Kniha
KOHA link:https://koha.lib.tpu.ru/cgi-bin/koha/opac-detail.pl?biblionumber=36105

MARC

LEADER 00000nam2a2200000 4500
001 36105
005 20231101210341.0
035 |a (RuTPU)RU\TPU\book\36570 
035 |a BOOK00003222 
090 |a 36105 
100 |a 20011210d1977 km y0rusy50 ca 
101 1 |a rus  |c eng 
102 |a RU 
105 |a a z 000zy 
200 0 |a Вып. 7 : Физика сплошных сред 
210 |d 1977 
215 |a 228 с.  |c ил. 
461 1 |0 (RuTPU)RU\TPU\book\41652  |t Фейнмановские лекции по физике  |f Р. Фейнман, Р. Лейтон, М. Сэндс  |v Вып. 7 : Физика сплошных сред  |e 2-е изд.  |d 1967-  
606 1 |a Физика  |2 stltpush  |3 (RuTPU)RU\TPU\subj\63709  |9 80688 
606 1 |a Механика сплошных сред  |2 stltpush  |3 (RuTPU)RU\TPU\subj\43578  |9 63063 
610 1 |a механика 
610 1 |a сплошные среды 
610 1 |a динамические модели 
675 |a 53  |v 4 
675 |a 531/534  |v 4 
801 0 |a RU  |b 63413507  |c 20011210  |g PSBO 
801 2 |a RU  |b 63413507  |c 20210219  |g PSBO 
900 |a Физика 
942 |c BK